Comarcas de Aragón con Pista - Estadísticas

Estadísticas generales
  • Esta prueba ha sido intentada 822 veces
  • La puntuación promedio es 16 de 33
Estadísticas de respuestas
Hint Respuesta % Correcto
Huesca / Zaragoza Hoya de Huesca
81%
Zaragoza Comarca Central
80%
Teruel Comunidad de Teruel
74%
Zaragoza Cinco Villas
67%
Zaragoza Comunidad de Calatayud
58%
Huesca La Ribagorza
58%
Huesca / Zaragoza Los Monegros
58%
Huesca Somontano de Barbastro
57%
Huesca / Zaragoza La Jacetania
56%
Zaragoza Campo de Borja
54%
Huesca Sobrarbe
54%
Zaragoza Tarazona y el Moncayo
54%
Teruel Sierra de Albarracín
51%
Huesca / Zaragoza Bajo Cinca
50%
Teruel Bajo Aragón
49%
Teruel Matarraña
46%
Huesca Alto Gállego
44%
Zaragoza Campo de Cariñena
44%
Zaragoza Campo de Daroca
44%
Teruel Cuencas Mineras
42%
Zaragoza Bajo Aragón - Caspe
41%
Zaragoza Campo de Belchite
40%
Huesca La Litera
40%
Teruel Maestrazgo
40%
Huesca Cinca Medio
39%
Teruel Jiloca
38%
Zaragoza Ribera Alta del Ebro
38%
Zaragoza Ribera Baja del Ebro
38%
Teruel Andorra - Sierra de Arcos
35%
Teruel Gúdar - Javalambre
34%
Zaragoza Valdejalón
31%
Zaragoza Aranda
28%
Teruel Bajo Martín
27%
No se encontraron pruebas coincidentes
Distribución de puntuación
Porcentaje de gente con cada puntuación
Porcentaje por número respondido
Historial de tus puntuaciones
No has intentado esta prueba.